2020 F1 Grid - Statistics

General Stats
  • This quiz has been taken 68 times
  • The average score is 19 of 20
Answer Stats
Team Nationality Answer % Correct
Ferrari Monégasque Charles Leclerc
100%
McLaren British Lando Norris
100%
Mercedes British Lewis Hamilton
100%
Red Bull Dutch Max Verstappen
100%
Ferrari German Sebastian Vettel
100%
Red Bull Thai Alexander Albon
98%
Mercedes Finnish Valtteri Bottas
98%
McLaren Spanish Carlos Sainz
97%
Renault Australian Daniel Ricciardo
97%
Alfa Romeo Finnish Kimi Raikkonen
97%
Racing Point Canadian Lance Stroll
97%
Renault French Esteban Ocon
95%
AlphaTauri French Pierre Gasly
95%
Williams British George Russell
94%
Racing Point Mexican Sergio Perez
94%
Haas Danish Kevin Magnussen
92%
Williams Canadian Nicholas Latifi
91%
Haas French Romain Grosjean
91%
Alfa Romeo Italian Antonio Giovinazzi
85%
AlphaTauri Russian Daniil Kvyat
85%
No matching quizzes found
Score Distribution
Percent of People with Each Score
Percentile by Number Answered
Your Score History
You have not taken this quiz